| 000 | 00983nas a2200301 i 4500 | ||
|---|---|---|---|
| 001 | 2723 | ||
| 003 | ES-MaACL | ||
| 005 | 20250802062547.0 | ||
| 007 | t| | ||
| 008 | 990407d19972001sp n p 0 0 ||pa d | ||
| 022 | _a1577-1911 | ||
| 080 | _a(460) | ||
| 080 | _a82(082.2) | ||
| 245 | 0 | 3 | _aLa Estafeta literaria. |
| 246 | 3 | _aLa Estafeta literaria (1997) | |
| 260 |
_aMadrid : _bTaller El Búcaro, _c1997-2001. |
||
| 300 |
_av. : _bil. ; _c30 cm. |
||
| 310 | _aIrregular | ||
| 362 | 1 | _a7ª época, n. 1 (1997)-7ª época, n. 14/15 (2001) | |
| 555 | 8 | _aÍndices de "La Estafeta Literaria" (1944-2001): contenidos literarios de la revista / Margarita Garbisu Buesa, Montserrat Iglesias Berzal. Madrid: Fragua, 2004. | |
| 650 | 1 | 7 |
_aLiteratura española _2embne _914539 |
| 655 | 7 |
_2tgfbne _9226866 _aRevistas |
|
| 780 | 0 | 0 |
_aNueva estafeta = _xISSN 0210-0835 |
| 852 | 4 |
_aES-MaACL _jHem-2011 |
|
| 866 | 0 | _o1997-2001 | |
| 942 | _2udc | ||
| 999 |
_c2723 _d2723 |
||